MDQL
is popping MORE tags! Check the
thread
!
Quizzes
Events
Quiz Creation
Community
Videos
Private Events
Remove Ads
Sign In
Join for FREE
Feedback
Dark Mode
Quiz Categories
Sports
Geography
Music
Movies
Television
Just For Fun
Miscellaneous
History
Literature
Language
Science
Gaming
Entertainment
Religion
Holiday
For Kids
Quiz Lab
Recent
Popular Today
Quiz Kudos Today
Editor Picks
Curator Picks
Quizzes by...
Day
Popularity
Type
Ratings
Length
Year
Community
Subscriptions
Recent Discussions
Orange Saloon
Badges
Playlists
Quests
Create
Leaderboards
Showdown
Live 5
Trivia Bingo
Activity
Puzzle Library
Sporcle Events
Private Events
Virtual Trivia
Globe League
Become a Host
Pub Owners
SporcleCon
Opinionation
Our Games
Videos
Blog
Mobile Apps
Partnerships
Remove Ads and Go Orange
Feedback
History
US Presidents
World Leaders
Politics
Nation
Discovery
War
Decade
Year
Century
Biography
Art
History
US Presidents
World Leaders
Politics
Nation
Discovery
War
Decade
Year
Century
Biography
Art
Random Quiz
Search Sporcle
×
Quiz Lab
Quiz Lab
History
Country
Type in answers that appear in a list
Type in answers that appear in a list
Classic
Best Score? Go Orange.
Invisible Countries of the Dutch Empire Stats
Can you name modern countries that were part of the Dutch Empire without seeing the ones you've already answered?
By
johncenafan612
5m
51 Questions
437 Plays
437 Plays
437 Plays
Comments
Comments
Give Quiz Kudos
Give Quiz Kudos
-
- Ratings
hide this ad
More Info
Random Order
Randomize order of answers
Randomize order of answers
Replay
Link that replays current quiz
Next Quiz
Link to next quiz in quiz playlist
You Got
0%
They Got
Avg Score
37%
Avg Friend Score
Upgrade to see
Score Distribution
Jump to the score distribution portion of the page
Score
0/51
Timer
05:00
0
Plays Today
% Correct
Netherlands
88.3%
Belgium
79.9%
France (French Guiana)
67.7%
Germany
64.8%
Indonesia
63.8%
Luxembourg
62.5%
United States
56.5%
Suriname
52.9%
India
51.7%
South Africa
51.3%
China
49.4%
Canada
49%
Brazil
48.5%
Malaysia
47.1%
Japan
42.6%
Guyana
41.6%
Thailand
39.6%
Vietnam
39.6%
Australia
38.9%
Sri Lanka
37.8%
Cambodia
36.2%
Venezuela
35.5%
Myanmar
34.8%
Angola
33.2%
Pakistan
33.2%
Bangladesh
33.2%
% Correct
Timor-Leste
33.2%
Colombia
32.7%
Madagascar
32%
Taiwan
31.1%
Ghana
30.2%
Mozambique
30%
Norway
28.4%
Nigeria
26.3%
Haiti
25.9%
Iran
24.9%
Togo
24.9%
Benin
24.3%
Mauritius
24%
Trinidad and Tobago
23.8%
Senegal
23.3%
Oman
22%
Yemen
21.7%
Gabon
21.7%
Iraq
20.8%
Chile
20.6%
Equatorial Guinea
20.1%
Liberia
19.7%
São Tomé and Príncipe
19.2%
Republic of the Congo
19.2%
Mauritania
15.6%
Quiz Playlist
Details
Report
Send in Message
Add To Playlist
More Info:
Answers are modern sovereign states where the Dutch Empire established colonies or permanent trading posts
Classic:
Type in answers that appear in a list
Random Order:
Randomize order of answers
Last Updated: Jan 4, 2021
Quiz Scoreboard
CHALLENGE
Sign Up to Join the Scoreboard
Show All
Scores
Hide
Comments
May contain spoilers
Recently Published
Find the 'City' Movie
by crazypaving
Movies
60s
5x2 Blitz: Bands
by SL_Kpop136
Music
30s
Colored Red Africa Blitz
by spor1
Geography
30s
More to Explore
Quiz From the Vault
Featured Blog Post
14 Easter Pick-up Lines to Find Eggs With
hide this ad
You Might Also Like...
Tags
Country Quiz
Nation Quiz
Colony
dutch
empire
Empires Civilizations
Former Colonies
Invisible
Modern
Today's Top Quizzes in History
Browse History
hide this ad
Today's Top Quizzes in Country
Browse Country
Top Contributed Quizzes in History
1
Popular People in 1991
2
US National Parks Named After People
3
Popular People in 1951
4
Order Up: 1000 Years of World Events I
5
Popular People in 1941
6
Popular People in 1981
7
Popular People in 1986
8
Popular People in 1921
9
Popular People in 1976
10
Magic 10 Blitz: U.S. Presidents
Explore More
Trending Topics
Harry Potter
NBA
Anime
Crossword
Disney
Kpop
Marvel
WWE
Pokémon
Puzzle
Soccer
Song
The Office
NFL
Country
hide this ad
More By:
johncenafan612
Quiz
Plays
Rating
Category
Featured
Created
'A'-Less European Countries by Flag
45,625
4.57
Geography
Dec 1, 2020
Countries Larger Than Alaska by Flag
38,007
4.77
Geography
Dec 9, 2020
NBA 30,000 Point Club Alphabetically
31,770
4.00
Sports
Mar 23, 2022
Camping Items
31,023
4.52
Miscellaneous
Jan 11, 2020
Sunday Crossword: 4-Letter Palindromes
31,006
4.04
Miscellaneous
Aug 29, 2021
Go to Creator's Profile
Score Distribution
Quiz Creator Spotlight
johncenafan612
Follow
Send a Message
Quizzes Created
-
Created Quiz Play Count
-
More By This Creator
Popular Quizzes Today
1
Colored Red Africa Blitz
2
Find the 'City' Movie
3
Find the US States - No Outlines Minefield
4
5x2 Blitz: Bands
5
The Countries of the World
6
Find the US States
7
US States
8
9x9 Crossword: Cartoon Network
More History Quizzes
Where Did It Happen? (US History)
Published
Trending Quizzes
Colored Red Europe Blitz I
Colored Red Europe Blitz II
Colored Red Africa Blitz II
Colored Red Europe Blitz III
Colored Red Africa Blitz III
Recently Updated
How Do You Spell That?
pecheneg
Godzilla Movies
pecheneg
Grab Bag: 4-10 Letters
pecheneg
2024 March Madness Bracket
pecheneg
Famous TV Couples
Peacemaker
Champions League XIs: Real Madrid
pecheneg
Largest US Cities 1790-2010
pecheneg
Rides in Walt Disney World
pecheneg
Most Oscar Losses (Acting)
pecheneg
Beyoncé Albums
pecheneg
Trending Topics
NBA
Harry Potter
Crossword
Kpop
Disney
Anime
Marvel
Country
Puzzle
NFL
Song
Pokémon
Soccer
WWE
The Office
Your Account Isn't Verified!
In order to create a playlist on Sporcle, you need to verify the email address you used during registration. Go to your
Sporcle Settings
to finish the process.
Report this User
Report this user for behavior that violates our
Community Guidelines
.
Details:
Send Report
Go to the Sporcle.com Mobile Site →
Comments